000
00241 a2200121 4500
001
194875
040
_c
Magnum
100
_a
PRADO, Jane
240
1
0
_a
Amar o mar
_l
por
245
1
0
_a
Amar o mar
697
_a
LITERATURA INFANTIL
942
_c
BK
999
_c
194875
_d
194875